| 000 | 00512 a2200181 4500 | ||
|---|---|---|---|
| 003 | OSt | ||
| 005 | 20240208133055.0 | ||
| 008 | 240208b |||||||| |||| 00| 0 eng d | ||
| 020 | _a9789393016348 | ||
| 040 | _coclc | ||
| 082 |
_a894.81 _bGAZ/T |
||
| 100 |
_aGazzali, Rashid _910433 |
||
| 245 |
_aThirukkural. aswadanam / _c Rashid Gazzali |
||
| 250 | _a1st ed. | ||
| 260 |
_aKozhikode: _bOlive Publications, _c2022. |
||
| 300 | _a64p. | ||
| 942 |
_2ddc _cBK _h894.81 _iGAZ/T _k894.81 _mGAZ/T |
||
| 999 |
_c44406 _d44406 |
||